000
00264nam a2200109Ia 4500
008
230917s9999||||xx |||||||||||||| ||und||
040
_e
189705
_a
MAIN
041
_a
English
100
_a
fisher, W J
245
0
_a
American literature of the 19th century
942
_c
BK
999
_c
61887
_d
61887